000 00619nam a2200181Ia 4500
003 IN-BaIIA
008 211028s9999 xx 000 0 eng d
020 _a3-7186-5798-8
040 _cIIA Library
080 _a047.1:524
_bLYU
100 _aLyubarsky, Yu.E
_921471
245 0 _aAstrophysics and spacephysics reviews
_bvol. 9, pt. 2, physics of pulsars
_cYu. E. Lyubarsky
260 _aU.K.
_bHarwood Academic Publishers
_c1989
300 _a115p.
490 _aAstrophysics and Space Physics Reviews vol 9 part 2
650 _aAstrophysics, Space physics
942 _cBK
999 _c12279
_d12279